000
00328nam a2200145Ia 4500
003
OSt
008
191201s2019 xx 000 0 und d
082
_a
004.6
_b
GUC
100
_a
Gupta,Deepak
245
0
_a
Computer Network with LAN & Networking
260
_b
Katson
300
_a
273
650
_a
B.Tech(CSE)
942
_2
ddc
_c
BK
999
_c
6861
_d
6861